| 000 | 00421nam a22001577a 4500 | ||
|---|---|---|---|
| 020 | _a9780357026991 | ||
| 040 | _cNUST | ||
| 082 | _a540 HOL | ||
| 100 |
_a Brown, Lawrence Stephen _96112 |
||
| 110 |
_aHolme, Thomas A. _998885 |
||
| 245 | _aChemistry for Engineering Students | ||
| 250 | _a4th Edition | ||
| 260 |
_aUSA: _bCENGAGE: _c2019. |
||
| 650 |
_aChemistry for Engineering.NUSTTB2022 _9102875 |
||
| 942 |
_2ddc _cBK |
||
| 999 |
_c591401 _d591401 |
||